Normal view
MARC view
Entry Geographic Name
001 - CONTROL NUMBER
- control field: 5723
003 - CONTROL NUMBER IDENTIFIER
- control field: OSt
005 - DATE AND TIME OF LATEST TRANSACTION
- control field: 20200803121309.0
008 - FIXED-LENGTH DATA ELEMENTS
- fixed length control field: 200803|| aca||aabn | a|a d
040 ## - CATALOGING SOURCE
- Original cataloging agency: OSt
- Transcribing agency: OSt
151 ## - HEADING--GEOGRAPHIC NAME
- Geographic name: New Jersey
- Form subdivision: Fiction
670 ## - SOURCE DATA FOUND
- Source citation: Work cat.: (OSt)0: Kluge, P. F. (Paul Frederick), 1942- 5718, A call from Jersey /, c2010.
